000 00338 a2200157 4500
001 153498
020 _a8532205658
040 _cEscola São Tomás de Aquino
100 _aALENCAR, José de
240 1 0 _aA viuvinha
_lpor
245 1 0 _aA viuvinha
300 _a84
362 0 _a1999
697 _aLITERATURA BRASILEIRA
942 _cBK
999 _c153498
_d153498